000 00582nam a2200193Ia 4500
001 14927
003 IVS
005 20250626030600.0
008 211022s9999 xx 000 0 und d
040 _cIVS
082 _a746/ ZAH
100 _aZaha Nadeem
245 0 _aFactors Involved in The Evolution of Motifs in Print Design in Pakistan`s Textile Industry
260 _aKarachi
260 _bIndus Valley School of art & Architecture
260 _c2020
856 _uhttps://drive.google.com/file/d/1kDUl-TL5D_sZppENwaAmLF_mRt1wkKbY/view?usp=sharing
942 _cDISS
_2ddc
_n0
999 _c11362
_d11362